Quantum mechanics for scientists and engineers /

Bibliographic Details
Main Author: Miller, D. A. B.
Format: Book
Language:English
Published: Cambridge ; New York : Cambridge University Press, 2008.
Subjects:
Online Access:Contributor biographical information
Publisher description
Table of contents only

MARC

Tag First Indicator Second Indicator Subfields
LEADER 00000cam a2200000 a 4500
001 in00002405521
005 20151109094605.0
008 080110s2008 enka b 001 0 eng
010 |a  2008001249 
015 |a GBA825199  |2 bnb 
016 7 |a 014537026  |2 Uk 
020 |a 9780521897839 (hardback) 
020 |a 0521897831 (hardback) 
029 1 |a NLGGC  |b 309935229 
035 |a (OCoLC)ocn190843474 
035 |a (OCoLC)190843474 
040 |a DLC  |c DLC  |d YDXCP  |d BAKER  |d BTCTA  |d UKM  |d BWK  |d BWX  |d IXA  |d UtOrBLW 
049 |a TXAM 
050 0 0 |a QC174.13  |b .M556 2008 
082 0 0 |a 530.12  |2 22 
100 1 |a Miller, D. A. B. 
245 1 0 |a Quantum mechanics for scientists and engineers /  |c David A.B. Miller. 
264 1 |a Cambridge ;  |a New York :  |b Cambridge University Press,  |c 2008. 
300 |a xix, 551 pages :  |b illustrations ;  |c 26 cm. 
336 |a text  |b txt  |2 rdacontent 
337 |a unmediated  |b n  |2 rdamedia 
338 |a volume  |b nc  |2 rdacarrier 
504 |a Includes bibliographical references (pages [535]-538) and index. 
650 0 |a Quantum theory. 
856 4 2 |3 Contributor biographical information  |u http://www.loc.gov/catdir/enhancements/fy0809/2008001249-b.html  |t 0 
856 4 2 |3 Publisher description  |u http://www.loc.gov/catdir/enhancements/fy0809/2008001249-d.html  |t 0 
856 4 1 |3 Table of contents only  |u http://www.loc.gov/catdir/enhancements/fy0809/2008001249-t.html  |t 0 
938 |a YBP Library Services  |b YANK  |n 100486949 
938 |a Baker & Taylor  |b BKTY  |c 85.00  |d 85.00  |i 0521897831  |n 0007626951  |s active 
938 |a Baker and Taylor  |b BTCP  |n BK0007626951 
938 |a Blackwell Book Service UK  |b BBUK  |n L0791693  |c 42.99 
938 |a Blackwell Book Service  |b BBUS  |n R8721959  |c $85.00 
945 |a PromptCat  |b 483594 
946 |a stk 
947 |a A14836724299 
994 |a 92  |b TXA 
948 |a cataloged  |b h  |c 2008/8/21  |d c  |e jlanham  |f 4:29:10 pm 
999 |a MARS 
999 f f |s 7439ec12-f690-3594-a841-abfaf7f23ae3  |i 314916d1-a81d-3be1-897e-651a8c469514  |t 0 
952 f f |p 4_hour  |a Texas A&M University  |b College Station  |c Sterling C. Evans Library  |d Evans: Media and Reserves (Evans 1st floor)  |t 0  |e QC174.13 .M556 2008  |h Library of Congress classification  |i unmediated -- volume  |m A14836724299 
998 f f |a QC174.13 .M556 2008  |t 0  |l Evans: Library Stacks